000 00468nam a2200181Ia 4500
001 8533
005 20260306160616.0
008 260306t2017||||xx |||||||||||||| ||spa||
041 _aESP
082 _a371.102
_bH16A
100 _aHattie, John
_eAUT
245 0 _aAprendizaje visible para profesores:
_bmaximizando el impacto en el aprendizaje
260 _c2017
300 _a330 páginas :
_c24 cm.
650 _aGEN
654 _aCED
942 _cLIB
_dJUS
_fJUS
_2ddc
_n
999 _c8533
_d8533